Guess The Country Of Origin By Company #2 - Statistics

General Stats
  • This quiz has been taken 50 times
  • The average score is 9 of 16
Answer Stats
Picture Answer % Correct
China
92%
Japan
89%
Italy
86%
Russia
84%
Switzerland
78%
Czechia
62%
Spain
54%
France
51%
United Kingdom
51%
Germany
49%
United States
49%
Ireland
32%
Sweden
30%
Denmark
22%
Netherlands
16%
Luxembourg
5%
No matching quizzes found
Score Distribution
Percent of People with Each Score
Percentile by Number Answered
Your Score History
You have not taken this quiz